All Region of france in the quiz (Yes or no version very hard ) - Statistiques

Statistiques générales
  • Ce quiz a été pris 58 fois
  • Le résultat moyen est 8 sur 13
Answers on the Grid
Answers color-coded by a green-red scale on the quiz's grid according to % correct below.
Occitanie
Picardie
Auvergne
Hauts de France
Aquitaine
Nouvelle Aquitaine
Alsace
Auvergne Rhone Alpes
Cote d'azur
Bretagne
Ile de France
Rhone Alpes
Provence Alpes cote d'azur
Nord Pas de Calais
Corse
Basse Normandie
Haute Normandie
Normandie
Centre
Centre Val de Loire
Pays de Loire
Franche comté
Grand Est
Bourgogne Franche comté
Paris
France du Sud
 
Statistiques - réponses
Réponse % Correct
Occitanie
89%
Nouvelle Aquitaine
66%
Centre Val de Loire
63%
Hauts de France
63%
Provence Alpes cote d'azur
63%
Auvergne Rhone Alpes
61%
Grand Est
61%
Normandie
61%
Bretagne
58%
Corse
58%
Ile de France
58%
Pays de Loire
58%
Bourgogne Franche comté
55%
Aucun quiz correspondant
Distribution des résultats
% des personnes avec chaque résultat
Percentile par nombre de réponses
Votre historique - résultats
Vous n’avez pas pris ce quiz